| 000 | 00602nam a22001457a 4500 | ||
|---|---|---|---|
| 082 |
_a671.572 _bBAI _cL-24, P-10 |
||
| 100 |
_aC. G. Bainbridge, M.I.Mech.E. and F. Clark _945270 |
||
| 245 |
_aOxy-Acetylene Welding Repair Manual _bOxy-Acetylene Welding Repair Manual for Garage and General Repair Shop Welders, Blacksmiths, Agricultural Engineers, Automobile and Sheet Metal Workers _cC. G. Bainbridge, M.I.Mech.E. and F. Clark |
||
| 250 | _a1938 | ||
| 260 |
_aLondon _bPorteous Ltd _c1938 |
||
| 300 | _a212 P, : | ||
| 526 |
_a0 _b0 _c0 _d671_572000000000000_BAI |
||
| 650 |
_aMCE _9379 |
||
| 942 |
_2ddc _cBK |
||
| 999 |
_c548834 _d548834 |
||